| 000 | 00465nam a2200145Ia 4500 | ||
|---|---|---|---|
| 008 | 230917s9999||||xx |||||||||||||| ||und|| | ||
| 040 |
_e172485 _aMAIN |
||
| 041 | _aEnglish | ||
| 082 | _a891.43301731 SI24V | ||
| 100 | _aइन्द्रा, स्वप्न | ||
| 245 | 0 | _aवे जो भय से झुके नही | |
| 260 |
_aदिल्ली _bइन्द्रप्रस्थ प्रकाशन _c1980 |
||
| 300 | _a32 p. | ||
| 942 | _cHN | ||
| 999 |
_c213096 _d213096 |
||